000 00920 a2200229 4500
003 Nust
005 20170207153531.0
010 _a 00283201
020 _a0195793730
035 _a(DLC) 00283201
040 _cNust
082 _a954.91
100 0 _aSafdar Mahmood.
245 1 0 _aPakistan :
_bpolitical roots and development, 1947-1999 /
_cSafdar Mahmood.
260 _aKarachi :
_bOxford University Press,
_c2000.
300 _ax, 440 p. ;
_c22 cm.
505 _aPakistan Movement The Historical Perspective (Page-1) Chasing the Constitution (Page-35) The Political Parties (Page-117) Foreign policy and External Relations (Page-183) The Dilemma of Democracy (Page-349)
538 _aAlmirah No.63 Shelf No.2
651 0 _aPakistan
_xPolitics and government
_y1971-
651 0 _aPakistan
_xPolitics and government.
856 4 2 _3Publisher description
_uhttp://www.loc.gov/catdir/enhancements/fy0639/00283201-d.html
942 _2ddc
_cBK
999 _c187973
_d187973